|
|
|
|
| LEADER |
00581cam a2200145 7i4500 |
| 001 |
0000009578 |
| 005 |
20010525090000.0 |
| 090 |
0 |
0 |
|a CD-ROM 130
|b MAL MAT 130 MAL
|
| 245 |
0 |
0 |
|a Malaysian exports 2001 :
|b directory of Malaysian products and services [
|m electronic resources].
|
| 260 |
0 |
0 |
|a Kuala Lumpur:
|b MATRADE,
|c 2001.
|
| 300 |
# |
# |
|a Electronic computer optical disc (CD-ROM).
|
| 650 |
0 |
0 |
|a Manufacturers --
|x Directories --
|z Malaysia
|
| 650 |
0 |
0 |
|a Exporters --
|x Directories --
|z Malaysia
|
| 651 |
0 |
0 |
|a Malaysia
|
| 999 |
|
|
|a 0000012095
|b CD-ROM
|c AV Collection
|e Business Information Centre
|